000 00492nam a22001577a 4500
005 20251126111334.0
008 251126b |||||||| |||| 00| 0 eng d
100 _aSATHE, S. P.
245 _aLIBERTY, EQUALITY AND JUSTICE
_bSTRUGGLES FOR A NEW SOCIAL ORDER
260 _aLUCKNOW
_bEBC PUBLISHING
_c2003
300 _aXXVI,387P.
500 _aINCLUDES INDEX
650 _a1. LIBERTY 2. EQUALITY 3. JUSTICE 4. HHUMAN RIGHTS 5. SOCIAL RIGHTS
700 _aNARAYAN, SATHYA
942 _2lcc
_cBK
999 _c216291
_d216291